Acquisition and strategic union-management accommodation: a case study (Record no. 74421)

000 -LEADER
fixed length control field 01229pab a2200205 454500
008 - FIXED-LENGTH DATA ELEMENTS--GENERAL INFORMATION
fixed length control field 180718b2006 xxu||||| |||| 00| 0 eng d
100 ## - MAIN ENTRY--PERSONAL NAME
Personal name Sahoo, Chandan Kumar
245 ## - TITLE STATEMENT
Title Acquisition and strategic union-management accommodation: a case study
260 ## - PUBLICATION, DISTRIBUTION, ETC.
Date of publication, distribution, etc. 2006
300 ## - PHYSICAL DESCRIPTION
Extent p.937-46.
362 ## - DATES OF PUBLICATION AND/OR SEQUENTIAL DESIGNATION
Dates of publication and/or sequential designation Oct-Dec
520 ## - SUMMARY, ETC.
Summary, etc. Acquisitions are more frequent in Indian business organizations in recent years. This is due to disinvestments of government shares in public sector undertakings and privatization of loss making units. However, the process of acquisition involves two groups, who can gain from it. They are the management and workers of both the firms and later include employees, consumers and the community in which the operation of the acquired firm is located. This paper attempts to study the importance of prevailing industrial relations system after the process of acquisition. It analyses the various success factors of IR in a quantitative and qualitative manner. - Reproduced.
650 ## - SUBJECT ADDED ENTRY--TOPICAL TERM
Topical term or geographic name entry element Trade unions
650 ## - SUBJECT ADDED ENTRY--TOPICAL TERM
Topical term or geographic name entry element Labour relations - Case studies
650 ## - SUBJECT ADDED ENTRY--TOPICAL TERM
Topical term or geographic name entry element Labour relations
700 ## - ADDED ENTRY--PERSONAL NAME
Personal name Tripathy, Santosh Kumar
773 ## - HOST ITEM ENTRY
Main entry heading Indian Journal of Labour Economics
908 ## - PUT COMMAND PARAMETER (RLIN)
Put command parameter N
909 ## -
-- 74421
Holdings
Withdrawn status Lost status Damaged status Not for loan Permanent Location Current Location Date acquired Serial Enumeration / chronology Barcode Date last seen Price effective from Koha item type
        Indian Institute of Public Administration Indian Institute of Public Administration 2018-07-19 Volume no: 49, Issue no: 4 AR74881 2018-07-19 2018-07-19 Articles

Powered by Koha